[Event "EYCC Open U10 2021"]
[Site "Tornelo"]
[Date "2021.10.15"]
[Round "7.3"]
[White "Besou, Hussain"]
[Black "Zecha, Oscar"]
[Result "1-0"]
[WhiteElo "1995"]
[BlackElo "1612"]
[Annotator "TA"]
[PlyCount "65"]
[EventDate "2021.10.15"]
[EventType "swiss"]
[EventCountry "NET"]
[SourceTitle "playchess.com"]
[Source "ChessBase"]
[SourceQuality "1"]

{[%evp 13,65,-13,13,0,19,-1,10,-4,7,0,0,7,0,0,5,0,0,0,0,0,0,0,0,0,42,41,188,196,275,240,249,128,205,81,83,82,154,27,23,31,29,28,27,63,225,183,586,552,548,533,527,520,685,681]} 1. e4 c5 2. Nf3 d6 3. d4 cxd4 4. Nxd4 Nf6 5. Nc3 a6 6. Bg5 Nbd7 7. f4 Qc7 8. Qf3 {B94: Sicilian Najdorf: 6 Bg5 Nbd7.} b5 {is cutting edge theory.} 9. O-O-O Bb7 10. Bd3 {The position is equal.} Qb6 11. Bxf6 Nxf6 12. Nd5 Nxd5 13. exd5 g6 {[#]} 14. Rhe1 $1 Bg7 15. Nc6 Bxc6 16. dxc6 Rc8 17. Be4 O-O {[#]} 18. f5 $146 ({Predecessor:} 18. c3 b4 19. c4 a5 20. Kb1 a4 21. Qe3 Qc7 22. Re2 a3 23. b3 e6 24. Red2 {½-½ (30) Hansen,L (2148)-Ybarra,M (2128) ICCF email 2018}) 18... a5 19. h4 a4 {[#]} (19... Qc5 $14) 20. h5 $1 $18 b4 (20... gxh5 $142 21. f6 exf6 22. Qxh5 Rfe8 23. Rxd6 (23. Bxh7+ Kf8 $16) 23... Re5 24. Bxh7+ (24. Qxh7+ Kf8 $11) 24... Kf8 25. Rxe5 fxe5) 21. hxg6 fxg6 22. Qd3 ({White should play} 22. Qh3 $18) 22... Kh8 (22... b3 $16) 23. Bd5 ({Don't play} 23. fxg6 $6 a3) (23. Rh1 $18 {and White stays clearly on top. aiming for Rxh7+!} h6 24. Qd2 (24. fxg6 e6 $11)) 23... Rxf5 24. Rxe7 {Be6 is the strong threat.} Re5 {[#]} ({Better is} 24... Qc5) 25. Qh3 Rf8 $1 $11 26. Rxe5 Bxe5 27. Rh1 {[%csl Gh1][%cal Rh3h7]} h5 {White must now prevent ...Qd4.} 28. Qe6 $40 {[%mdl 128] Rxh5+! would kill now. White attacks.} Qe3+ $2 (28... Bf6 $1 $14 29. Rd1 (29. Qxd6 Kg7 $11) 29... Qc5) 29. Kb1 $18 b3 $2 (29... Qg5 {is more resistant.} 30. g4 Qh4 {[%mdl 64] Back Rank}) 30. Qxg6 {White is clearly winning.} bxc2+ 31. Qxc2 Kg7 {And now ...Rf2 would win.} 32. c7 Qc5 33. Be6 {Weighted Error Value: White=0.21/Black=0.53} 1-0

[Event "EYCC Open U10 2021"]
[Site "Tornelo"]
[Date "2021.10.15"]
[Round "7.4"]
[White "Ivanov, Andrey A."]
[Black "Radzimski, Antoni"]
[Result "0-1"]
[WhiteElo "2180"]
[BlackElo "1584"]
[Annotator "TA"]
[PlyCount "40"]
[EventDate "2021.10.15"]
[EventType "swiss"]
[EventCountry "NET"]
[SourceTitle "playchess.com"]
[Source "ChessBase"]
[SourceQuality "1"]

{[%evp 9,40,33,60,44,44,44,41,41,43,43,45,38,56,27,20,39,44,-93,34,-551,-554,-565,-511,-554,-562,-548,-549,-806,-562,-750,-747,-895,-762]} 1. e4 e5 2. Nc3 Nf6 3. f4 d6 4. Nf3 Nc6 5. Bb5 Bg4 6. Bxc6+ {C30: King's Gambit Declined.} bxc6 7. fxe5 dxe5 8. h3 {White is slightly better.} Bxf3 9. Qxf3 Bc5 10. d3 Rb8 {[#]} 11. Qg3 $146 ({Predecessor:} 11. Nd1 O-O 12. Ne3 Nd7 13. O-O f6 14. Kh1 Bxe3 15. Qxe3 c5 16. b3 c6 17. a4 {0-1 (53) Arroyo Palacios,J (1724)-Ramirez Medina,V (1930) Las Palmas 2012}) 11... O-O 12. Na4 Be7 {And now ...Nxe4! would win.} 13. Qxe5 {[#]} (13. Qe3 $1 $14 {stays ahead.}) 13... Bb4+ (13... Rb5 $1 $17 {[%cal Rb5e5]} 14. Qh2 Bd6) 14. Bd2 $2 {[%mdl 8192] White does not recover from this.} (14. Nc3 $14 {was forced to keep a grip.}) 14... Bxd2+ $19 {Black is clearly winning.} 15. Kxd2 Re8 16. Qf4 Rxe4 17. Qf3 Rxa4 18. Qxc6 Rd4 19. Rae1 Rxb2 20. Qc3 Rb8 {Weighted Error Value: White=1.15/Black=0.43} 0-1

[Event "EYCC Open U10 2021"]
[Site "Tornelo"]
[Date "2021.10.15"]
[Round "7.5"]
[White "Surikov, Alexey"]
[Black "Ochedzan, Filip"]
[Result "1-0"]
[WhiteElo "1548"]
[BlackElo "1696"]
[Annotator "NA RC"]
[PlyCount "85"]
[EventDate "2021.10.15"]
[EventType "swiss"]
[EventCountry "NET"]
[SourceTitle "playchess.com"]
[Source "ChessBase"]
[SourceQuality "1"]
[TimeControl "5400+30"]

1. d4 {[%emt 0:00:30]} d5 {[%emt 0:00:36]} 2. Nf3 {[%emt 0:00:09]} Nf6 {[%emt 0:00:05]} 3. c4 {[%emt 0:00:04]} dxc4 {[%emt 0:00:05]} 4. g3 {[%emt 0:00:06]} e6 {[%emt 0:00:43]} 5. Bg2 {[%emt 0:00:44]} Bd6 {[%emt 0:05:28]} 6. O-O {[%emt 0:01:23]} O-O {[%emt 0:10:17]} 7. Qc2 {[%emt 0:00:22]} Nc6 {[%emt 0:05:31]} 8. Qxc4 {[%emt 0:03:12]} Qe7 {[%emt 0:03:49]} 9. Nc3 {[%emt 0:31:04]} e5 {[%emt 0:10:00]} 10. Bg5 {[%emt 0:01:30]} Kh8 {[%emt 0:11:47]} 11. d5 {[%emt 0:12:24]} Nb8 {[%emt 0:08:23]} 12. Ne4 {[%emt 0:06:50]} Bf5 {[%emt 0:05:15]} 13. Bxf6 {[%emt 0:01:53]} gxf6 {[%emt 0:00:14]} 14. Nh4 {[%emt 0:00:08]} Bg6 {[%emt 0:01:11]} 15. Bh3 {[%emt 0:00:25]} Na6 {[%emt 0:02:16]} 16. Nf5 {[%emt 0:01:07]} Bxf5 {[%emt 0:04:13]} 17. Bxf5 {[%emt 0:00:12]} Rg8 {[%emt 0:00:08]} 18. Qc1 {[%emt 0:00:42]} Nc5 {[%emt 0:03:05]} 19. Qh6 {[%emt 0:00:32]} Rg6 {[%emt 0:00:30]} 20. Bxg6 {[%emt 0:00:12]} fxg6 {[%emt 0:00:05]} 21. f3 {[%emt 0:00:45]} Rf8 {[%emt 0:01:30]} 22. h4 {[%emt 0:02:40]} Qf7 {[%emt 0:04:05]} 23. Nxd6 {[%emt 0:00:56]} cxd6 {[%emt 0:00:04]} 24. e4 {[%emt 0:00:14]} Rg8 {[%emt 0:01:13]} 25. b4 {[%emt 0:00:10]} Na6 {[%emt 0:01:50]} 26. a3 {[%emt 0:00:16]} Nc7 {[%emt 0:00:28]} 27. a4 {[%emt 0:00:25]} Na6 {[%emt 0:00:41]} 28. Rab1 {[%emt 0:00:11]} Qd7 {[%emt 0:01:24]} 29. h5 {[%emt 0:03:25]} Qh3 {[%emt 0:05:50]} 30. Rf2 {[%emt 0:00:16]} Qxg3+ {[%emt 0:06:48]} 31. Rg2 {[%emt 0:00:41]} Qh4 {[%emt 0:00:19]} 32. Rf1 {[%emt 0:04:42]} Nxb4 {[%emt 0:05:07]} 33. Rh2 {[%emt 0:00:17]} Qg3+ {[%emt 0:00:04]} 34. Kh1 {[%emt 0:00:05]} gxh5 {[%emt 0:02:05]} 35. Qxf6+ {[%emt 0:00:44]} Rg7 {[%emt 0:00:05]} 36. Rc1 {[%emt 0:00:38]} Nc6 {[%emt 0:01:40]} 37. dxc6 {[%emt 0:00:33]} bxc6 {[%emt 0:00:02]} 38. Rb1 {[%emt 0:00:09]} h6 {[%emt 0:00:16]} 39. Rb8+ {[%emt 0:00:25]} Kh7 {[%emt 0:00:04]} 40. Qf5+ {[%emt 0:00:06]} Rg6 {[%emt 0:00:04]} 41. Rb7+ {[%emt 0:00:04]} Kg8 {[%emt 0:00:05]} 42. Qf7+ {[%emt 0:00:04]} Kh8 {[%emt 0:00:03]} 43. Qh7# {[%emt 0:00:02]} 1-0

[Event "EYCC Open U10 2021"]
[Site "Tornelo"]
[Date "2021.10.15"]
[Round "7.6"]
[White "Diachek, Andriy"]
[Black "Cankurt, Arda"]
[Result "0-1"]
[WhiteElo "1689"]
[BlackElo "1356"]
[Annotator "NA RC"]
[PlyCount "130"]
[EventDate "2021.10.15"]
[EventType "swiss"]
[EventCountry "NET"]
[SourceTitle "playchess.com"]
[Source "ChessBase"]
[SourceQuality "1"]
[TimeControl "5400+30"]

1. e4 {[%emt 0:00:30]} c5 {[%emt 0:01:38]} 2. Nf3 {[%emt 0:00:06]} e6 {[%emt 0:00:09]} 3. c3 {[%emt 0:00:04]} Nc6 {[%emt 0:00:05]} 4. d4 {[%emt 0:00:05]} d5 {[%emt 0:00:09]} 5. exd5 {[%emt 0:00:05]} exd5 {[%emt 0:00:05]} 6. Bb5 {[%emt 0:00:07]} Bd6 {[%emt 0:00:05]} 7. dxc5 {[%emt 0:00:23]} Bxc5 {[%emt 0:01:12]} 8. O-O {[%emt 0:00:09]} Nge7 {[%emt 0:00:18]} 9. Bf4 {[%emt 0:01:55]} O-O {[%emt 0:00:16]} 10. Nbd2 {[%emt 0:00:28]} Bg4 {[%emt 0:00:56]} 11. Bd3 {[%emt 0:02:33]} Ng6 {[%emt 0:01:20]} 12. Bg3 {[%emt 0:03:54]} f5 {[%emt 0:00:55]} 13. h3 {[%emt 0:28:23]} f4 {[%emt 0:13:05]} 14. Bh2 {[%emt 0:05:11]} Bf5 {[%emt 0:06:34]} 15. Nb3 {[%emt 0:08:26]} Bxd3 {[%emt 0:03:24]} 16. Qxd3 {[%emt 0:00:36]} Nge5 {[%emt 0:01:23]} 17. Nxe5 {[%emt 0:11:57]} Nxe5 {[%emt 0:01:16]} 18. Qe2 {[%emt 0:01:35]} Qg5 {[%emt 0:00:59]} 19. Qd1 {[%emt 0:11:34]} f3 {[%emt 0:02:19]} 20. Qxd5+ {[%emt 0:01:52]} Kh8 {[%emt 0:01:00]} 21. g4 {[%emt 0:01:30]} Rf5 {[%emt 0:04:13]} 22. Bxe5 {[%emt 0:07:41]} Rxe5 {[%emt 0:02:57]} 23. Qxf3 {[%emt 0:00:23]} Rf8 {[%emt 0:00:36]} 24. Qg2 {[%emt 0:01:45]} Re2 {[%emt 0:05:54]} 25. Nxc5 {[%emt 0:03:17]} Qxc5 {[%emt 0:00:13]} 26. Rab1 {[%emt 0:00:48]} b5 {[%emt 0:00:42]} 27. a3 {[%emt 0:01:43]} h6 {[%emt 0:02:28]} 28. Qg3 {[%emt 0:02:24]} Rc2 {[%emt 0:04:17]} 29. Qe3 {[%emt 0:04:15]} Qxe3 {[%emt 0:01:32]} 30. fxe3 {[%emt 0:00:08]} Rd8 {[%emt 0:00:42]} 31. Rf2 {[%emt 0:00:26]} Rdd2 {[%emt 0:00:14]} 32. Rxd2 {[%emt 0:00:05]} Rxd2 {[%emt 0:00:07]} 33. a4 {[%emt 0:01:41]} a6 {[%emt 0:01:28]} 34. axb5 {[%emt 0:00:18]} axb5 {[%emt 0:00:06]} 35. Re1 {[%emt 0:00:42]} Rxb2 {[%emt 0:00:10]} 36. e4 {[%emt 0:00:06]} Kg8 {[%emt 0:00:18]} 37. e5 {[%emt 0:00:09]} Kf8 {[%emt 0:00:17]} 38. Kf1 {[%emt 0:00:47]} Rh2 {[%emt 0:00:29]} 39. Re3 {[%emt 0:00:28]} Ke7 {[%emt 0:00:06]} 40. Kg1 {[%emt 0:00:15]} Rc2 {[%emt 0:00:08]} 41. h4 {[%emt 0:00:35]} Rb2 {[%emt 0:03:20]} 42. Re4 {[%emt 0:01:16]} Rb3 {[%emt 0:00:49]} 43. g5 {[%emt 0:00:48]} Rxc3 {[%emt 0:00:11]} 44. gxh6 {[%emt 0:00:03]} gxh6 {[%emt 0:00:10]} 45. Kf2 {[%emt 0:00:10]} Ke6 {[%emt 0:00:13]} 46. Ke1 {[%emt 0:00:18]} Rc5 {[%emt 0:01:18]} 47. Kd2 {[%emt 0:00:29]} Rxe5 {[%emt 0:00:25]} 48. Rf4 {[%emt 0:00:11]} Rf5 {[%emt 0:00:21]} 49. Rg4 {[%emt 0:00:12]} h5 {[%emt 0:00:16]} 50. Rb4 {[%emt 0:01:06]} Rc5 {[%emt 0:00:40]} 51. Kd3 {[%emt 0:00:24]} Ke5 {[%emt 0:00:32]} 52. Re4+ {[%emt 0:00:28]} Kf5 {[%emt 0:00:24]} 53. Rb4 {[%emt 0:00:12]} Rd5+ {[%emt 0:00:07]} 54. Ke3 {[%emt 0:00:07]} Ke5 {[%emt 0:00:16]} 55. Rb1 {[%emt 0:01:37]} Rc5 {[%emt 0:00:23]} 56. Rb4 {[%emt 0:00:18]} Kd5 {[%emt 0:00:29]} 57. Rd4+ {[%emt 0:00:46]} Kc6 {[%emt 0:00:11]} 58. Kd3 {[%emt 0:00:26]} Rd5 {[%emt 0:00:13]} 59. Rxd5 {[%emt 0:00:18]} Kxd5 {[%emt 0:00:05]} 60. Kc3 {[%emt 0:00:03]} Ke4 {[%emt 0:00:12]} 61. Kb4 {[%emt 0:00:03]} Kf4 {[%emt 0:00:04]} 62. Kxb5 {[%emt 0:00:03]} Kg4 {[%emt 0:00:05]} 63. Kc4 {[%emt 0:00:03]} Kxh4 {[%emt 0:00:09]} 64. Kd3 {[%emt 0:00:03]} Kg3 {[%emt 0:00:05]} 65. Ke2 {[%emt 0:00:04]} Kg2 {[%emt 0:00:05]} 0-1

[Event "EYCC Open U10 2021"]
[Site "Tornelo"]
[Date "2021.10.15"]
[Round "7.7"]
[White "Kengurov, Yaroslav"]
[Black "Dumbelovic, Novak"]
[Result "1-0"]
[WhiteElo "1484"]
[BlackElo "1688"]
[Annotator "NA RC"]
[PlyCount "109"]
[EventDate "2021.10.15"]
[EventType "swiss"]
[EventCountry "NET"]
[SourceTitle "playchess.com"]
[Source "ChessBase"]
[SourceQuality "1"]
[TimeControl "5400+30"]

1. d4 {[%emt 0:00:30]} Nf6 {[%emt 0:01:01]} 2. c4 {[%emt 0:00:06]} g6 {[%emt 0:00:58]} 3. Nf3 {[%emt 0:00:08]} Bg7 {[%emt 0:01:14]} 4. g3 {[%emt 0:00:07]} O-O {[%emt 0:00:39]} 5. Bg2 {[%emt 0:00:08]} d6 {[%emt 0:00:24]} 6. O-O {[%emt 0:00:09]} Nbd7 {[%emt 0:03:26]} 7. Nc3 {[%emt 0:00:10]} e5 {[%emt 0:05:23]} 8. dxe5 {[%emt 0:00:05]} Nxe5 {[%emt 0:05:56]} 9. Nxe5 {[%emt 0:00:07]} dxe5 {[%emt 0:00:05]} 10. Qxd8 {[%emt 0:00:04]} Rxd8 {[%emt 0:00:05]} 11. Bg5 {[%emt 0:00:04]} Re8 {[%emt 0:05:49]} 12. Nb5 {[%emt 0:00:17]} Re7 {[%emt 0:05:36]} 13. Rfd1 {[%emt 0:00:55]} Be6 {[%emt 0:05:33]} 14. Bxb7 {[%emt 0:00:54]} Rb8 {[%emt 0:05:34]} 15. Bg2 {[%emt 0:00:18]} Bxc4 {[%emt 0:06:04]} 16. Nxa7 {[%emt 0:00:19]} Rd7 {[%emt 0:08:41]} 17. Rxd7 {[%emt 0:03:11]} Nxd7 {[%emt 0:00:11]} 18. b3 {[%emt 0:02:18]} Bxe2 {[%emt 0:07:07]} 19. Nc6 {[%emt 0:00:54]} Rb6 {[%emt 0:05:19]} 20. Ne7+ {[%emt 0:02:43]} Kf8 {[%emt 0:03:39]} 21. Nd5 {[%emt 0:00:13]} Rc6 {[%emt 0:06:13]} 22. a4 {[%emt 0:04:53]} e4 {[%emt 0:02:29]} 23. Re1 {[%emt 0:02:46]} Bd3 {[%emt 0:01:41]} 24. a5 {[%emt 0:11:11]} Nc5 {[%emt 0:10:39]} 25. Be7+ {[%emt 0:03:52]} Ke8 {[%emt 0:01:13]} 26. Nb4 {[%emt 0:00:05]} Kxe7 {[%emt 0:02:29]} 27. Nxc6+ {[%emt 0:00:12]} Kd7 {[%emt 0:00:04]} 28. Nb4 {[%emt 0:00:26]} Bc3 {[%emt 0:00:30]} 29. a6 {[%emt 0:07:43]} Nxa6 {[%emt 0:01:34]} 30. Rd1 {[%emt 0:00:26]} Bxb4 {[%emt 0:03:05]} 31. Bxe4 {[%emt 0:00:12]} Bd6 {[%emt 0:00:25]} 32. Bxd3 {[%emt 0:00:12]} Nc5 {[%emt 0:00:30]} 33. Bb5+ {[%emt 0:00:10]} Ke7 {[%emt 0:00:21]} 34. Re1+ {[%emt 0:00:23]} Kf6 {[%emt 0:00:11]} 35. b4 {[%emt 0:00:32]} Ne6 {[%emt 0:00:11]} 36. Re4 {[%emt 0:01:21]} Ng5 {[%emt 0:00:25]} 37. Rc4 {[%emt 0:00:11]} Nf3+ {[%emt 0:00:26]} 38. Kg2 {[%emt 0:00:12]} Ne5 {[%emt 0:00:07]} 39. Rd4 {[%emt 0:01:26]} Ke6 {[%emt 0:00:30]} 40. Ba4 {[%emt 0:00:53]} c5 {[%emt 0:00:41]} 41. Bb3+ {[%emt 0:00:48]} Ke7 {[%emt 0:00:39]} 42. Re4 {[%emt 0:01:11]} Kf6 {[%emt 0:01:05]} 43. bxc5 {[%emt 0:00:46]} Bxc5 {[%emt 0:00:04]} 44. Ra4 {[%emt 0:00:12]} Be7 {[%emt 0:00:46]} 45. Ra6+ {[%emt 0:00:13]} Kg7 {[%emt 0:00:06]} 46. Ra7 {[%emt 0:00:08]} Kf6 {[%emt 0:00:11]} 47. f4 {[%emt 0:00:18]} Nd3 {[%emt 0:00:27]} 48. Kf3 {[%emt 0:00:33]} h6 {[%emt 0:00:18]} 49. g4 {[%emt 0:00:35]} g5 {[%emt 0:01:10]} 50. fxg5+ {[%emt 0:00:38]} hxg5 {[%emt 0:00:13]} 51. h4 {[%emt 0:00:55]} Bc5 {[%emt 0:02:35]} 52. Rxf7+ {[%emt 0:00:13]} Kg6 {[%emt 0:00:05]} 53. h5+ {[%emt 0:00:17]} Kh6 {[%emt 0:00:17]} 54. Rf6+ {[%emt 0:00:13]} Kh7 {[%emt 0:00:07]} 55. Bc2 {[%emt 0:00:07]} 1-0

[Event "EYCC Open U10 2021"]
[Site "Tornelo"]
[Date "2021.10.15"]
[Round "7.8"]
[White "Gabadadze, Gabriel"]
[Black "Demchenko, Maksim Dm"]
[Result "1/2-1/2"]
[WhiteElo "1407"]
[BlackElo "1615"]
[Annotator "NA RC"]
[PlyCount "133"]
[EventDate "2021.10.15"]
[EventType "swiss"]
[EventCountry "NET"]
[SourceTitle "playchess.com"]
[Source "ChessBase"]
[SourceQuality "1"]
[TimeControl "5400+30"]

1. e4 {[%emt 0:00:30]} e6 {[%emt 0:00:33]} 2. c4 {[%emt 0:00:09]} d5 {[%emt 0:06:10]} 3. exd5 {[%emt 0:00:21]} exd5 {[%emt 0:00:03]} 4. cxd5 {[%emt 0:00:07]} Qxd5 {[%emt 0:00:05]} 5. Nc3 {[%emt 0:00:14]} Qd8 {[%emt 0:00:15]} 6. Bc4 {[%emt 0:00:35]} Bd6 {[%emt 0:01:48]} 7. Nf3 {[%emt 0:00:43]} Nf6 {[%emt 0:00:05]} 8. O-O {[%emt 0:00:39]} O-O {[%emt 0:00:05]} 9. d4 {[%emt 0:00:32]} h6 {[%emt 0:01:57]} 10. h3 {[%emt 0:01:17]} c6 {[%emt 0:08:56]} 11. Be3 {[%emt 0:01:21]} Bf5 {[%emt 0:02:46]} 12. Rc1 {[%emt 0:01:43]} Nbd7 {[%emt 0:00:18]} 13. d5 {[%emt 0:06:06]} c5 {[%emt 0:11:34]} 14. Bd3 {[%emt 0:01:45]} Bxd3 {[%emt 0:01:34]} 15. Qxd3 {[%emt 0:00:22]} a6 {[%emt 0:00:58]} 16. a4 {[%emt 0:01:09]} Rc8 {[%emt 0:02:38]} 17. b3 {[%emt 0:05:01]} Re8 {[%emt 0:02:15]} 18. Rfd1 {[%emt 0:02:10]} Qc7 {[%emt 0:20:11]} 19. Qc4 {[%emt 0:04:04]} Re7 {[%emt 0:09:09]} 20. Nh4 {[%emt 0:15:44]} Ne5 {[%emt 0:01:32]} 21. Qe2 {[%emt 0:00:35]} Qd7 {[%emt 0:04:20]} 22. Nf3 {[%emt 0:01:22]} Ng6 {[%emt 0:00:59]} 23. Qc4 {[%emt 0:07:57]} Qf5 {[%emt 0:05:59]} 24. Qd3 {[%emt 0:03:35]} Qxd3 {[%emt 0:00:28]} 25. Rxd3 {[%emt 0:00:27]} c4 {[%emt 0:01:44]} 26. Nb1 {[%emt 0:03:30]} Rec7 {[%emt 0:03:02]} 27. bxc4 {[%emt 0:11:20]} Rxc4 {[%emt 0:00:03]} 28. Rxc4 {[%emt 0:00:15]} Rxc4 {[%emt 0:00:04]} 29. Rd4 {[%emt 0:00:59]} Rxd4 {[%emt 0:00:22]} 30. Bxd4 {[%emt 0:00:30]} Nxd5 {[%emt 0:00:05]} 31. Nc3 {[%emt 0:01:17]} Nxc3 {[%emt 0:00:50]} 32. Bxc3 {[%emt 0:00:16]} Nf4 {[%emt 0:00:04]} 33. Kf1 {[%emt 0:04:59]} g6 {[%emt 0:04:07]} 34. h4 {[%emt 0:02:43]} Kf8 {[%emt 0:02:40]} 35. g3 {[%emt 0:00:34]} Nd5 {[%emt 0:00:04]} 36. Bd2 {[%emt 0:00:29]} h5 {[%emt 0:00:03]} 37. Ke2 {[%emt 0:00:47]} Ke7 {[%emt 0:00:47]} 38. Kd3 {[%emt 0:01:00]} Bc5 {[%emt 0:01:03]} 39. Nd4 {[%emt 0:02:59]} Kd6 {[%emt 0:02:19]} 40. Bh6 {[%emt 0:02:18]} Bxd4 {[%emt 0:02:59]} 41. Kxd4 {[%emt 0:00:18]} f6 {[%emt 0:00:31]} 42. Bd2 {[%emt 0:01:31]} b5 {[%emt 0:00:48]} 43. axb5 {[%emt 0:00:34]} axb5 {[%emt 0:00:04]} 44. Bc1 {[%emt 0:02:57]} Kc6 {[%emt 0:01:34]} 45. Bb2 {[%emt 0:00:52]} Nc7 {[%emt 0:02:02]} 46. Kd3 {[%emt 0:02:03]} Ne8 {[%emt 0:00:15]} 47. Kd4 {[%emt 0:00:25]} Nd6 {[%emt 0:01:29]} 48. Ba3 {[%emt 0:00:41]} Nc4 {[%emt 0:01:23]} 49. Bb4 {[%emt 0:00:21]} Ne5 {[%emt 0:00:26]} 50. Be7 {[%emt 0:00:40]} Ng4 {[%emt 0:00:48]} 51. f3 {[%emt 0:00:41]} Ne5 {[%emt 0:00:05]} 52. Bxf6 {[%emt 0:01:18]} Nxf3+ {[%emt 0:00:05]} 53. Ke3 {[%emt 0:00:48]} Nh2 {[%emt 0:00:10]} 54. Kf4 {[%emt 0:04:39]} Kd5 {[%emt 0:00:20]} 55. Kg5 {[%emt 0:00:43]} Nf1 {[%emt 0:00:47]} 56. Kxg6 {[%emt 0:01:36]} Nxg3 {[%emt 0:00:03]} 57. Bb2 {[%emt 0:00:24]} b4 {[%emt 0:00:33]} 58. Kg5 {[%emt 0:00:40]} Ke4 {[%emt 0:00:18]} 59. Ba1 {[%emt 0:00:29]} b3 {[%emt 0:00:16]} 60. Bb2 {[%emt 0:00:46]} Kd3 {[%emt 0:02:17]} 61. Ba1 {[%emt 0:01:28]} Kc2 {[%emt 0:00:43]} 62. Kf4 {[%emt 0:00:46]} Ne2+ {[%emt 0:00:04]} 63. Kg5 {[%emt 0:00:09]} Kb1 {[%emt 0:00:19]} 64. Be5 {[%emt 0:01:06]} Kc2 {[%emt 0:00:10]} 65. Ba1 {[%emt 0:00:22]} Ng3 {[%emt 0:00:53]} 66. Kf4 {[%emt 0:00:12]} Ne2+ {[%emt 0:00:18]} 67. Kg5 {[%emt 0:00:09]} 1/2-1/2

[Event "EYCC Open U10 2021"]
[Site "Tornelo"]
[Date "2021.10.15"]
[Round "7.9"]
[White "Feher, Botond"]
[Black "Kozlov, Kirill Dm."]
[Result "1-0"]
[WhiteElo "1644"]
[BlackElo "1228"]
[Annotator "NA RC"]
[PlyCount "105"]
[EventDate "2021.10.15"]
[EventType "swiss"]
[EventCountry "NET"]
[SourceTitle "playchess.com"]
[Source "ChessBase"]
[SourceQuality "1"]
[TimeControl "5400+30"]

1. e4 {[%emt 0:00:30]} c5 {[%emt 0:00:35]} 2. Nf3 {[%emt 0:00:45]} e6 {[%emt 0:00:06]} 3. d4 {[%emt 0:00:29]} cxd4 {[%emt 0:00:04]} 4. Nxd4 {[%emt 0:00:39]} a6 {[%emt 0:00:09]} 5. Nc3 {[%emt 0:00:44]} Qc7 {[%emt 0:00:08]} 6. Be2 {[%emt 0:00:42]} Nf6 {[%emt 0:00:08]} 7. O-O {[%emt 0:00:49]} Be7 {[%emt 0:00:15]} 8. Be3 {[%emt 0:00:34]} d6 {[%emt 0:00:12]} 9. f4 {[%emt 0:00:48]} Nbd7 {[%emt 0:00:27]} 10. Kh1 {[%emt 0:00:40]} b5 {[%emt 0:00:11]} 11. a3 {[%emt 0:02:10]} Bb7 {[%emt 0:00:11]} 12. Bd3 {[%emt 0:03:10]} O-O {[%emt 0:05:09]} 13. Qf3 {[%emt 0:04:36]} Rfd8 {[%emt 0:02:13]} 14. Rae1 {[%emt 0:05:22]} Rac8 {[%emt 0:02:04]} 15. Bc1 {[%emt 0:05:16]} Nb6 {[%emt 0:08:57]} 16. Qh3 {[%emt 0:04:09]} h6 {[%emt 0:04:40]} 17. Rf3 {[%emt 0:02:19]} Nc4 {[%emt 0:11:49]} 18. Rg3 {[%emt 0:03:32]} h5 {[%emt 0:01:27]} 19. e5 {[%emt 0:09:45]} dxe5 {[%emt 0:04:38]} 20. Nxe6 {[%emt 0:00:39]} fxe6 {[%emt 0:07:52]} 21. Qxe6+ {[%emt 0:00:10]} Kf8 {[%emt 0:14:07]} 22. fxe5 {[%emt 0:01:32]} Nxe5 {[%emt 0:01:03]} 23. Rxe5 {[%emt 0:01:19]} Bd6 {[%emt 0:00:34]} 24. Qxf6+ {[%emt 0:00:45]} Kg8 {[%emt 0:05:03]} 25. Qe6+ {[%emt 0:00:53]} Qf7 {[%emt 0:01:31]} 26. Bh7+ {[%emt 0:01:02]} Kxh7 {[%emt 0:00:54]} 27. Qxf7 {[%emt 0:00:07]} Bxe5 {[%emt 0:00:05]} 28. Qxh5+ {[%emt 0:00:08]} Kg8 {[%emt 0:00:07]} 29. Qxe5 {[%emt 0:00:06]} Rd7 {[%emt 0:00:17]} 30. Qe6+ {[%emt 0:00:42]} Rf7 {[%emt 0:00:06]} 31. Rxg7+ {[%emt 0:00:41]} Kxg7 {[%emt 0:00:13]} 32. Bh6+ {[%emt 0:00:05]} Kh7 {[%emt 0:00:41]} 33. Qxf7+ {[%emt 0:00:03]} Kxh6 {[%emt 0:00:03]} 34. Qxb7 {[%emt 0:00:03]} Rf8 {[%emt 0:00:04]} 35. Qxa6+ {[%emt 0:00:04]} Kh7 {[%emt 0:00:04]} 36. Qxb5 {[%emt 0:00:18]} Rg8 {[%emt 0:00:08]} 37. Qh5+ {[%emt 0:00:05]} Kg7 {[%emt 0:00:05]} 38. Qg5+ {[%emt 0:00:02]} Kf7 {[%emt 0:00:03]} 39. Qxg8+ {[%emt 0:00:02]} Kxg8 {[%emt 0:00:04]} 40. a4 {[%emt 0:00:03]} Kf8 {[%emt 0:00:03]} 41. a5 {[%emt 0:00:04]} Ke7 {[%emt 0:00:03]} 42. a6 {[%emt 0:00:02]} Ke6 {[%emt 0:00:04]} 43. a7 {[%emt 0:00:01]} Ke5 {[%emt 0:00:03]} 44. a8=Q {[%emt 0:00:03]} Kd6 {[%emt 0:00:04]} 45. Qb7 {[%emt 0:00:02]} Ke5 {[%emt 0:00:04]} 46. Qd5+ {[%emt 0:00:02]} Kf6 {[%emt 0:00:05]} 47. Ne4+ {[%emt 0:00:01]} Ke7 {[%emt 0:00:04]} 48. Qd6+ {[%emt 0:00:02]} Kf7 {[%emt 0:00:07]} 49. Ng5+ {[%emt 0:00:02]} Kg7 {[%emt 0:00:04]} 50. Qe6 {[%emt 0:00:03]} Kh8 {[%emt 0:00:12]} 51. Qf6+ {[%emt 0:00:02]} Kg8 {[%emt 0:00:04]} 52. Qf7+ {[%emt 0:00:01]} Kh8 {[%emt 0:00:02]} 53. Qh7# {[%emt 0:00:01]} 1-0